00000000nam 2200000zi 4500
0019.945442
003CaOODSP
00520250324130959
006m     o  d f      
007cr cn|||||||||
008241122t19831983onco    o    f000 0 fre d
020 |z0662923162
040 |aCaOODSP|bfre|erda|cCaOODSP
043 |an-cn---
0861 |aCo22-45/1983F-PDF|zCo22-45/1983F
1001 |aFox, Francis, |d1939- |eauteur.
24510|aBâtir l'avenir : |bvers une Société Radio-Canada distincte / |cFrancis Fox.
264 1|a[Ottawa] : |bGouvernement de Canada, Ministère des Communications = Government of Canada, Department of Communications, |coctobre 1983.
264 4|c©1983
300 |a1 ressource en ligne (21 pages) : |bphotographies
336 |atexte|btxt|2rdacontent/fre
337 |ainformatique|bc|2rdamedia/fre
338 |aressource en ligne|bcr|2rdacarrier/fre
500 |aÉdition numérisée de l'imprimé [par Innovation, sciences et développement économique Canada].
500 |aPublié aussi en anglais sous le titre : Building for the future : towards a distinctive CBC.
61026|aSociété Radio-Canada.
650 6|aRadiodiffusion|xPolitique gouvernementale|zCanada.
7101 |aCanada. |bMinistère des communications, |eorganisme de publication.
77508|tBuilding for the future : |w(CaOODSP)9.945441
85640|qPDF|s6.89 Mo|uhttps://publications.gc.ca/collections/collection_2024/isde-ised/co22/Co22-45-1983-fra.pdf